|
|
|
|
| LEADER |
00000nas a22000007i 4500 |
| 001 |
ssj0000547791 |
| 003 |
WaSeSS |
| 005 |
20200512172242.0 |
| 006 |
m d |
| 007 |
cr n |
| 008 |
100811c20099999cauqr p s 0 a0eng |
| 010 |
|
|
|a 2010202147
|
| 022 |
|
|
|a 2156-8626
|y 2152-1034
|
| 035 |
|
|
|a (WaSeSS)ssj0000547791
|
| 037 |
|
|
|b Dr. Mohammad Azimi, Editor, PO Box 506, Stockton, CA 95201
|
| 040 |
|
|
|a DLC
|b eng
|c DLC
|d DLC
|d OCLCQ
|d DLC
|d OCLCQ
|d VT2
|d OCLCF
|d OCLCO
|d DLC
|d OCLCO
|d WaSeSS
|
| 042 |
|
|
|a pcc
|a nsdp
|
| 082 |
0 |
0 |
|a 658
|2 23
|
| 130 |
0 |
|
|a Journal of business studies quarterly (Antioch, Calif. )
|
| 222 |
|
0 |
|a Journal of business studies quarterly
|b (Online)
|
| 245 |
1 |
0 |
|a Journal of business studies quarterly
|h [electronic resource].
|
| 246 |
1 |
|
|a JBSQ
|
| 260 |
|
|
|a [Antioch, Calif.] :
|b Journal of Business Studies Quarterly,
|c 2009-
|
| 310 |
|
|
|a Quarterly
|
| 362 |
1 |
|
|a Began with: Dec. 2009, v. 1, no. 1.
|
| 506 |
|
|
|a License restrictions may limit access.
|
| 588 |
|
|
|a Description based on: December 2009, v. 1, no. 1; title from banner (jbsq.org website, viewed Nov. 27, 2012).
|
| 588 |
|
|
|a Latest issue consulted: Volume 7, Number 3 (March 2016) (jbsq.org website, viewed May 18, 2016).
|
| 650 |
|
0 |
|a Business
|x Research
|v Periodicals.
|
| 650 |
|
0 |
|a Management science
|v Periodicals.
|
| 650 |
|
7 |
|a Business
|x Research.
|2 fast
|0 (OCoLC)fst00842371
|
| 650 |
|
7 |
|a Management science.
|2 fast
|0 (OCoLC)fst01007306
|
| 655 |
|
0 |
|a Electronic journals.
|
| 776 |
0 |
8 |
|i Print version:
|t Journal of business studies quarterly
|x 2152-1034
|w (DLC) 2009201123
|w (OCoLC)469103805
|
| 856 |
4 |
0 |
|z Full text available from Research Library: 03/01/2010 to 09/30/2017
|u https://search.proquest.com/publication/1056382
|